书目信息 |
| 题名: |
好设计, 有方法
|
|
| 作者: | 李伟巍 著 | |
| 分册: | ||
| 出版信息: | 北京 机械工业出版社 2019.08 |
|
| 页数: | XIX, 237页 | |
| 开本: | 23cm | |
| 丛书名: | UI/UE系列丛书 | |
| 单 册: | ||
| 中图分类: | TP311.1 | |
| 科图分类: | ||
| 主题词: | 人机界面--ren ji jie mian--程序设计 | |
| 电子资源: | ||
| ISBN: | 978-7-111-63240-5 | |
| 000 | 01221nam 2200277 450 | |
| 001 | 2063731573 | |
| 005 | 20201104174223.68 | |
| 010 | @a978-7-111-63240-5@dCNY99.00 | |
| 100 | @a20190815d2019 em y0chiy50 ea | |
| 101 | 0 | @achi |
| 102 | @aCN@b110000 | |
| 105 | @aa z 000yy | |
| 200 | 1 | @a好设计, 有方法@Ahao she ji , you fang fa@e我们在搜狐做产品体验设计@d= Good method, good design@f李伟巍等著@zeng |
| 210 | @a北京@c机械工业出版社@d2019.08 | |
| 215 | @aXIX, 237页@c彩图@d23cm | |
| 225 | 2 | @aUI/UE系列丛书@AUI/UExi lie cong shu |
| 314 | @a李伟巍, 搜狐媒体UED中心设计总监。 | |
| 330 | @a本书由搜狐汽车事业部UXD团队倾力打造, 汇聚了很多最优秀设计师的智慧和结晶, 是他们总结的项目实战集锦。全书一共有13章, 分别由不同设计师撰写, 从用户、设计原则、设计技巧、体验现场以及团队成长等几个方面, 全面的讲述互联网产品体验设计法则, 相信会对想要从事体验设计工作的你有所裨益。 | |
| 410 | 0 | @12001 @aUI/UE系列丛书 |
| 510 | 1 | @aGood method, good design@zeng |
| 517 | 1 | @a我们在搜狐做产品体验设计@Awo men zai sou hu zuo chan pin ti yan she ji |
| 606 | 0 | @a人机界面@Aren ji jie mian@x程序设计 |
| 690 | @aTP311.1@v5 | |
| 701 | 0 | @a李伟巍@Ali wei wei@4著 |
| 801 | 0 | @aCN@b人天书店@c20200930 |
| 905 | @aZUCC@dTP311.1@eL287 | |
| 好设计, 有方法:我们在搜狐做产品体验设计= Good method, good design/李伟巍等著.-北京:机械工业出版社,2019.08 |
| XIX, 237页:彩图;23cm.-(UI/UE系列丛书) |
| ISBN 978-7-111-63240-5:CNY99.00 |
| 本书由搜狐汽车事业部UXD团队倾力打造, 汇聚了很多最优秀设计师的智慧和结晶, 是他们总结的项目实战集锦。全书一共有13章, 分别由不同设计师撰写, 从用户、设计原则、设计技巧、体验现场以及团队成长等几个方面, 全面的讲述互联网产品体验设计法则, 相信会对想要从事体验设计工作的你有所裨益。 |
| ● |
| 相关链接 |
|
|
|
正题名:好设计, 有方法
索取号:TP311.1/L287
 
预约/预借
| 序号 | 登录号 | 条形码 | 馆藏地/架位号 | 状态 | 备注 |
| 1 | 1477770 | 214777703 | 自科库301/301自科库 47排4列2层/ [索取号:TP311.1/L287] | 在馆 | |
| 2 | 1477771 | 214777712 | 自科库301/301自科库 47排4列2层/ [索取号:TP311.1/L287] | 在馆 |